[Event "Sportaccord WMG Rapid"]
[Site "Beijing CHN"]
[Date "2011.12.10"]
[Round "4"]
[White "Grischuk,A"]
[Black "Wang Hao"]
[Result "0-1"]
[WhiteElo "2752"]
[BlackElo "2736"]

1.e4 c5 2.Nf3 Nc6 3.Nc3 Nf6 4.d4 cxd4 5.Nxd4 d6 6.Bg5 e6 7.Qd2 Be7 8.O-O-O Nxd4
9.Qxd4 O-O 10.f3 a6 11.h4 b5 12.Kb1 Bb7 13.Qd2 Rc8 14.Ne2 Re8 15.Nd4 Nd7
16.Bd3 d5 17.Rhe1 dxe4 18.Bxe4 Bxe4 19.Rxe4 Nf6 20.Ree1 Qc7 21.Qe2 h6 22.Bc1 Qg3
23.Qe5 Qxe5 24.Rxe5 Red8 25.Ree1 Rc4 26.Be3 b4 27.b3 Rcc8 28.Ne2 Nd5 29.Bf2 Rc7
30.g3 Rdc8 31.Rd2 a5 32.Bd4 a4 33.f4 h5 34.Rf1 g6 35.Rf3 Kf8 36.Rfd3 Ke8
37.Kb2 Nc3 38.Be5 Rc6 39.bxa4 Ne4 40.Nd4 Nxd2 41.Rxd2 Ra6 42.Nb5 Rxa4 43.Nc7+ Kf8
44.Rd7 Ra5 45.Bd4 Rd8 46.Rxd8+ Bxd8 47.Bb6 Bxc7  0-1

[Event "FSGM December 2011"]
[Site "Budapest HUN"]
[Date "2011.12.10"]
[Round "8"]
[White "Simonian,H"]
[Black "Akesson,R"]
[Result "1/2-1/2"]
[WhiteElo "2468"]
[BlackElo "2421"]

1.e4 c5 2.Nc3 Nc6 3.Bb5 Nd4 4.Bc4 e6 5.Nge2 Ne7 6.Nxd4 cxd4 7.Ne2 Nc6 8.O-O Be7
9.Ng3 O-O 10.a3 a6 11.d3 b5 12.Ba2 Bb7 13.f4 Kh8 14.f5 Bd6 15.Qh5 Qe7 16.Bf4 f6
17.Rae1 Rae8 18.Ne2 Nd8 19.Bxd6 Qxd6 20.Nf4 Kg8 21.Ng6 Rf7 22.Rf3 exf5 23.Rh3 h6
24.Bxf7+ Nxf7 25.Qxf5 Rc8 26.Re2 Rc5 27.Qf4 Qe6 28.Qb8+ Bc8 29.Nf4 Qa2 30.Qb6 d6
31.Rg3 Qxb2 32.Nd5 Rxc2 33.Re1 Rc1 34.Rxc1 Qxc1+ 35.Kf2 Qc2+ 36.Kf1 Qc1+
37.Kf2 Qc2+  1/2-1/2

[Event "Ascona Open"]
[Site "Ascona SUI"]
[Date "2011.12.11"]
[Round "4.7"]
[White "Schneider,Ant"]
[Black "Scheidegger,U"]
[Result "1-0"]
[WhiteElo "1978"]
[BlackElo "1949"]

1.e4 c5 2.Nc3 Nc6 3.Nge2 e5 4.Nd5 Nf6 5.Nec3 a6 6.a4 Nb4 7.Nxf6+ Qxf6 8.Bc4 Be7
9.O-O O-O 10.Ne2 Qg6 11.d3 d6 12.c3 Nc6 13.f4 Bg4 14.f5 Qh5 15.Rf2 Bh4 16.g3 Bg5
17.Qc2 Bf6 18.Kg2 Bh3+ 19.Kh1 Ne7 20.Ng1 b5 21.Ba2 Bg4 22.Be3 Rab8 23.Kg2 Bg5
24.Bxg5 Qxg5 25.h3 Bh5 26.g4 Bxg4 27.hxg4 Qxg4+ 28.Kh2 bxa4 29.Nh3 Rb7 30.Rg1 Qh4
31.Rfg2 Rfb8 32.Qc1 Kf8 33.Rxg7 Rxb2+ 34.R7g2 a3 35.Qf1 a5 36.Bc4 a4 37.Qa1 Qg4
38.Qxa3 Rxg2+ 39.Rxg2 Qd1 40.Qa2 Rb1 41.Rg1  1-0

[Event "TCh-CZE Liga 1 Zapad"]
[Site "Czech Rep CZE"]
[Date "2011.12.11"]
[Round "5.4"]
[White "Zezulkin,J"]
[Black "Dvorak,T"]
[Result "1/2-1/2"]
[WhiteElo "2450"]
[BlackElo "2280"]

1.e4 c5 2.Nc3 Nc6 3.Nf3 d6 4.d4 cxd4 5.Nxd4 Nf6 6.Bg5 e6 7.Qd2 a6 8.O-O-O Bd7
9.f3 h6 10.Be3 b5 11.Nxc6 Bxc6 12.Ne2 Qc7 13.h4 Bb7 14.Kb1 Rc8 15.Rh3 Nd7
16.Nd4 Ne5 17.g4 d5 18.exd5 Bxd5 19.Be2 Nc4 20.Bxc4 Qxc4 21.b3 Qc3 22.Qc1 Qa5
23.Bd2 Qc7 24.Bf4 Qa5 25.Bd2 Qc7 26.Bf4 Qa5  1/2-1/2

[Event "TCh-CZE Liga 1 Zapad"]
[Site "Czech Rep CZE"]
[Date "2011.12.11"]
[Round "5.1"]
[White "Vrana,J"]
[Black "Nun,Ji"]
[Result "0-1"]
[WhiteElo "2290"]
[BlackElo "2372"]

1.e4 c5 2.Ne2 Nc6 3.Nbc3 e5 4.g3 d6 5.Bg2 Be7 6.O-O Nf6 7.d3 O-O 8.f4 Rb8
9.a4 a6 10.h3 b5 11.axb5 axb5 12.Be3 Nd4 13.g4 b4 14.Nb1 Nxe2+ 15.Qxe2 exf4
16.Bxf4 Ne8 17.Nd2 Be6 18.b3 Nc7 19.Nf3 Nb5 20.Qf2 Qb6 21.e5 d5 22.Kh1 Ra8
23.Rxa8 Rxa8 24.Bg5 Bf8 25.Be3 d4 26.Bc1 Ra7 27.Ng5 Nc3 28.Bd2 h6 29.Nxe6 Qxe6
30.Qf5 Ra2 31.Bxc3 bxc3 32.Rf2 Be7 33.Be4 Qxf5 34.gxf5 Bg5 35.e6 Kf8 36.exf7 Kxf7
37.Bd5+ Kf6 38.Kg2 Rb2 39.b4 cxb4 40.Bb3 Rxb3 41.cxb3 Bd2  0-1

[Event "18th Zadar Open A"]
[Site "Zadar CRO"]
[Date "2011.12.12"]
[Round "3.16"]
[White "Stojanovic,Da"]
[Black "Arjun,B"]
[Result "1-0"]
[WhiteElo "2487"]
[BlackElo "2178"]

1.e4 c5 2.Nc3 Nc6 3.Bb5 Nd4 4.Bc4 e6 5.Nf3 Nf6 6.O-O Qc7 7.Re1 a6 8.a4 d6
9.d3 Nxf3+ 10.Qxf3 Be7 11.Qg3 g6 12.f4 O-O 13.f5 exf5 14.exf5 Bxf5 15.Rxe7 Qxe7
16.Bg5 b5 17.Nd5 Nxd5 18.Bxe7 Nxe7 19.axb5 axb5 20.Rxa8 Rxa8 21.Bxb5 Ra1+
22.Kf2 Rc1 23.Ba4 Nc8 24.Qe3 Rb1 25.Qe8+ Kg7 26.Bb3 Rxb2 27.Qxf7+ Kh6 28.g4 c4
29.Qf8+ Kg5 30.Kg3  1-0

[Event "Sportaccord WMG Blitz"]
[Site "Beijing CHN"]
[Date "2011.12.13"]
[Round "15"]
[White "Gashimov,V"]
[Black "Ivanchuk,V"]
[Result "1-0"]
[WhiteElo "2757"]
[BlackElo "2775"]

1.e4 c5 2.Nc3 Nc6 3.Nf3 Nf6 4.Bb5 Qc7 5.O-O Nd4 6.Re1 a6 7.Bc4 d6 8.Nd5 Nxd5
9.exd5 Bg4 10.Be2 Nxe2+ 11.Qxe2 g6 12.d3 Bg7 13.Bg5 e5 14.dxe6 Bxe6 15.Bf4 O-O
16.Ng5 Bd5 17.c4 Bc6 18.Ne4 Rad8 19.Qd2 Rd7 20.Re2 Bxe4 21.dxe4 Bd4 22.Be3 Re8
23.Rd1 Rdd8 24.f3 b5 25.b3 bxc4 26.bxc4 Qc6  1-0

[Event "18th Zadar Open A"]
[Site "Zadar CRO"]
[Date "2011.12.13"]
[Round "4.5"]
[White "Predojevic,B"]
[Black "Cvitan,O"]
[Result "1/2-1/2"]
[WhiteElo "2642"]
[BlackElo "2523"]

1.e4 c5 2.Nc3 Nc6 3.Bb5 Nd4 4.a4 a6 5.Bc4 e6 6.Nge2 Nf6 7.d3 d5 8.exd5 exd5
9.Ba2 Ne6 10.O-O Be7 11.Nf4 Nxf4 12.Bxf4 d4 13.Ne4 Nxe4 14.dxe4 O-O 15.c3 Qb6
16.cxd4 cxd4 17.Be5 Bf6 18.a5 Qd8 19.Bg3 Be6 20.Bb1 g6 21.Bd3 Rc8 22.f4 Bc4
23.Bf2 Qd7 24.Qe2 Qb5 25.Rfd1  1/2-1/2

[Event "Sportaccord WMG Blindfold w"]
[Site "Beijing CHN"]
[Date "2011.12.15"]
[Round "4"]
[White "Paehtz,E"]
[Black "Cramling,P"]
[Result "1-0"]
[WhiteElo "2457"]
[BlackElo "2495"]

1.e4 c5 2.Nc3 Nc6 3.Bb5 Nd4 4.Bc4 e6 5.Nge2 Nf6 6.O-O a6 7.a4 Rb8 8.e5 d5
9.exf6 dxc4 10.fxg7 Bxg7 11.Ng3 O-O 12.Nce2 Bd7 13.Nxd4 Bxd4 14.d3 Kh8 15.dxc4 Bc6
16.c3 Bf6 17.Bf4 e5 18.Be3 Qe7 19.Qh5 Rg8 20.Rfd1 Rg6 21.Qf5 Bg5 22.Re1 Rbg8
23.b4 Bxe3 24.Rxe3 Rg5 25.Qb1 cxb4 26.cxb4 b6 27.b5 Ba8 28.bxa6 h5 29.h4 R5g6
30.Qf5 Qxh4 31.Qxe5+ f6 32.Qf5 Qg5 33.Qxg5 Rxg5 34.Kf1 h4 35.Ne4 Rxg2 36.Ke2 f5
37.Nf6 Rf8 38.Nd7 Rd8 39.Nxb6 f4 40.Re6 Rg7 41.Nxa8 Rxa8 42.Rh6+ Kg8 43.Rh1 Rc8
44.R1xh4 Kf7 45.Rxf4+ Ke7 46.a7  1-0

[Event "European Blitz 2011"]
[Site "Warsaw POL"]
[Date "2011.12.16"]
[Round "7"]
[White "Movsesian,S"]
[Black "Miton,K"]
[Result "1-0"]
[WhiteElo "2710"]
[BlackElo "2622"]

1.e4 c5 2.Nf3 Nc6 3.Nc3 d6 4.Bb5 e5 5.O-O Nf6 6.d3 Be7 7.Ne1 O-O 8.Bxc6 bxc6
9.f4 exf4 10.Bxf4 Be6 11.Nf3 Nd7 12.b3 f6 13.Bg3 Ne5 14.Qd2 Ng6 15.Ne2 Qd7
16.Rad1 f5 17.e5 d5 18.h4 a5 19.a4 Nh8 20.Ng5 Bxg5 21.Qxg5 Nf7 22.Qe3 d4
23.Qd2 Bd5 24.Rde1 Nd8 25.Rf2 Ne6 26.Ref1 g6 27.h5 Qg7 28.h6 Qe7 29.Nf4 Ra7
30.Re1 Qd7 31.Bh4 Re8 32.Bf6 Nxf4 33.Qxf4 Be6 34.Qd2 Bd5 35.Ref1 Be6 36.Rf3 Bd5
37.Rg3 Qe6 38.Qg5 Kf7 39.Qf4 Rb7 40.Qd2 Kg8 41.Qxa5 Rf8 42.Qxc5 Rc8 43.Qxd4 c5
44.Qh4 Bc6 45.Qg5 Rb4 46.Rxf5 Rd4 47.Rf4 Qd5 48.Rxd4 Qxd4+ 49.Qe3 Qd5 50.e6 Rf8
51.Bg7 Re8 52.e7 Bd7 53.Rg5 Bf5 54.g4 Qd6 55.gxf5 Rxe7 56.Qf2 Rf7 57.Bc3 Qd5  1-0

[Event "European Rapid 2011"]
[Site "Warsaw POL"]
[Date "2011.12.17"]
[Round "8"]
[White "Shimanov,A"]
[Black "Rawicz,K1"]
[Result "1/2-1/2"]
[WhiteElo "2549"]
[BlackElo "2269"]

1.e4 c5 2.Nf3 Nc6 3.Nc3 g6 4.Bb5 Bg7 5.O-O Nd4 6.Bc4 d6 7.Nxd4 cxd4 8.Ne2 Nf6
9.d3 Qb6 10.c3 dxc3 11.bxc3 O-O 12.h3 d5 13.exd5 Qa5 14.Qb3 b5 15.Qxb5 Qxb5
16.Bxb5 Nxd5 17.d4 Rb8 18.Bc4 Be6 19.Bb3 Rfc8 20.Bd2 Nb6 21.Bf4 Rb7 22.Bxe6 fxe6
23.Rab1 Rc4 24.Rb5 Ra4 25.Nc1 Rd7 26.Re1 Kf7 27.Rb2 Nd5 28.Bd2 Rc7 29.Ne2 Nb6
30.Bf4 Rd7 31.Kf1 Rd5 32.Nc1 Rc4 33.Ne2 Ra5 34.Ra1 Rca4 35.Nc1  1/2-1/2

[Event "ch-POR w 2011-12"]
[Site "Lisbon POR"]
[Date "2011.12.19"]
[Round "4.4"]
[White "Ferreira,Ana"]
[Black "Saraiva,T"]
[Result "1-0"]
[WhiteElo "1839"]
[BlackElo "1911"]

1.e4 c5 2.Nc3 Nc6 3.Nf3 g6 4.d4 cxd4 5.Nxd4 Bg7 6.Be3 e6 7.Ndb5 Qa5 8.Nd6+ Kf8
9.Nxc8 Rxc8 10.Qd6+ Nge7 11.Bd2 Qb4 12.Qxb4 Nxb4 13.Bd3 d5 14.a3 Nxc2+ 15.Bxc2 d4
16.Rb1 dxc3 17.bxc3 b6 18.c4 Rxc4 19.Bd3 Rc7 20.Ke2 Nc6 21.Rhc1 Ke7 22.Bb4+ Kd7
23.Bb5 Bf8 24.Rd1+ Kc8 25.Ba6+ Kb8 26.Bc3 e5 27.Bxe5  1-0

[Event "ch-POR w 2011-12"]
[Site "Lisbon POR"]
[Date "2011.12.21"]
[Round "6.4"]
[White "Correia,Sandra Ventura"]
[Black "Saraiva,T"]
[Result "1-0"]
[WhiteElo "1859"]
[BlackElo "1911"]

1.e4 c5 2.Nc3 Nc6 3.Bb5 Nd4 4.Bc4 e6 5.Nf3 Ne7 6.O-O a6 7.a4 b6 8.d3 Bb7
9.Nxd4 cxd4 10.Ne2 Nc6 11.f4 Bc5 12.Qe1 Nb4 13.Bb3 d5 14.e5 Qc7 15.Kh1 O-O
16.Nxd4 Nxd3 17.Nxe6 Nxe1 18.Nxc7 Nxc2 19.Bxc2 Rac8 20.Nxa6 Bxa6 21.Rd1 Rfd8
22.Bd3 Bc4 23.Bc2 d4 24.b3 Be2 25.Re1 d3 26.Bd1 Bf2 27.Rxe2 dxe2 28.Bxe2 Rc2
29.Bf3 Rd3 30.Ba3 Rcc3 31.Be4 Rd8 32.g3 Rxb3 33.Bd6 Bc5 34.Bxc5 bxc5 35.a5 Rb4
36.Bg2 Rbd4 37.Bb7 Rd1+ 38.Rxd1 Rxd1+ 39.Kg2 Ra1 40.a6 Ra3 41.Kf2 Kf8 42.Ke2 Ke7
43.Kd2 Kd7 44.Kc2 Kc7 45.Kb2 Rf3 46.Bxf3  1-0

[Event "FIDE Women's World Teams"]
[Site "Mardin TUR"]
[Date "2011.12.21"]
[Round "4"]
[White "Muzychuk,M"]
[Black "Dembo,Y"]
[Result "1-0"]
[WhiteElo "2460"]
[BlackElo "2468"]

1.e4 c5 2.Nc3 Nc6 3.Bb5 Nd4 4.Nf3 e6 5.O-O Ne7 6.Nxd4 cxd4 7.Ne2 Qb6 8.a4 Nc6
9.c3 dxc3 10.dxc3 a6 11.Bd3 Be7 12.Be3 Qc7 13.f4 b6 14.Qe1 Na5 15.Qg3 O-O
16.f5 Qxg3 17.Nxg3 Rb8 18.e5 f6 19.exf6 gxf6 20.Nh5 Nc6 21.Bh6 Rf7 22.Rf3 Kh8
23.Rg3 Bc5+ 24.Kh1 Bf8 25.Bxf8 Rxf8 26.Rg7 e5 27.Be4 b5 28.a5 Nd8 29.Bd5 Nb7
30.g4 Nd6 31.Re7 Re8 32.Rxe8+ Nxe8 33.g5 fxg5 34.f6 Nd6 35.Rd1 Bb7 36.Bxb7 Nxb7
37.Rxd7 Nc5 38.Re7 Ne4 39.Rxe5 Nd6 40.Rxg5 Re8 41.Rd5 Re6 42.Rc5 h6 43.Rc6 Re1+
44.Kg2 Nf7 45.Nf4 Rb1 46.b4 Rb2+ 47.Kg3 Rc2 48.h4 Kg8 49.Rc8+ Kh7 50.Rc7 Kg8
51.Kg4 Rf2 52.Re7 Rc2 53.Ne2 Rb2 54.Kf5 Rb1 55.Re8+ Kh7 56.Ke6  1-0

[Event "48th Groningen Open A"]
[Site "Groningen NED"]
[Date "2011.12.22"]
[Round "2.9"]
[White "Lyell,M"]
[Black "Plat,V"]
[Result "0-1"]
[WhiteElo "2189"]
[BlackElo "2425"]

1.e4 c5 2.Nc3 Nc6 3.Bb5 Nd4 4.Bc4 d6 5.d3 Nf6 6.Bg5 e6 7.f4 Qa5 8.Nf3 b5
9.Bb3 b4 10.Ne2 Nxf3+ 11.gxf3 Be7 12.O-O h6 13.Bh4 g5 14.fxg5 hxg5 15.Bf2 d5
16.a3 bxa3 17.Rxa3 Qc7 18.Bg3 Bd6 19.Qd2 c4 20.dxc4 Qb6+ 21.Bf2 Bxh2+ 22.Kg2 Qc7
23.cxd5 exd5 24.Ba4+ Kf8 25.f4 Nxe4 26.Qd4 Rh5 27.Rh1 gxf4 28.Bg1 Bg4 29.Rxh2 f3+
30.Kh1 Qg3 31.Nf4 Qg2+  0-1

[Event "FIDE Women's World Teams"]
[Site "Mardin TUR"]
[Date "2011.12.22"]
[Round "5"]
[White "Kosintseva,N"]
[Black "Hou Yifan"]
[Result "0-1"]
[WhiteElo "2546"]
[BlackElo "2578"]

1.e4 c5 2.Nf3 Nc6 3.Nc3 g6 4.d4 cxd4 5.Nxd4 Bg7 6.Nb3 Nf6 7.Be2 d6 8.O-O O-O
9.Re1 b6 10.Bg5 h6 11.Bh4 Bb7 12.f4 e5 13.fxe5 Nxe5 14.Bf1 a6 15.Qd2 b5 16.Rad1 Nc4
17.Bxc4 bxc4 18.e5 dxe5 19.Qxd8 Raxd8 20.Rxd8 Rxd8 21.Na5 Ba8 22.Nxc4 Rd4
23.Bxf6 Bxf6 24.b3 e4 25.Ne2 Rd8 26.Kf2 Kg7 27.g3 Be7 28.Nc3 f5 29.Ke2 Kf6
30.Rd1 Kg7 31.Kf2 Kf6 32.Ke2 Rxd1 33.Nxd1 g5 34.Nde3 Ke6 35.Ng2 Bd8 36.Ke3 Bd5
37.Nd2 Ke5 38.c4 Bf7 39.c5 f4+ 40.gxf4+ gxf4+ 41.Kf2 e3+ 42.Nxe3 fxe3+ 43.Kxe3 Bg5+
44.Kd3 Bxd2 45.Kxd2 Kd5 46.b4 Kc4  0-1

[Event "XXII Cajacanarias Christmas"]
[Site "Santa Cruz de Tenerife ESP"]
[Date "2011.12.23"]
[Round "6"]
[White "Perez Celis,A"]
[Black "Aguirre Lorenzo,L"]
[Result "0-1"]
[WhiteElo "1800"]
[BlackElo "2090"]

1.e4 c5 2.Ne2 Nc6 3.Nbc3 e6 4.g3 g6 5.Bg2 Bg7 6.d3 Nge7 7.Be3 Nd4 8.Qd2 O-O
9.O-O d5 10.exd5 exd5 11.Bxd4 cxd4 12.Na4 Qd6 13.b3 Bd7 14.Nb2 Rac8 15.Nf4 Rc7
16.Rfe1 Rfc8 17.Rac1 Bh6 18.Nd1 Be6 19.c4 dxc3 20.Nxc3 Qb4 21.a3 Bxf4 22.gxf4 Qxb3
23.Ne2 Rxc1 24.Rxc1 Rxc1+ 25.Qxc1 Qxd3 26.Qc7 Qxe2 27.Qxe7 Qd1+ 28.Bf1 Bh3
29.Qe8+ Kg7 30.Qe5+ f6  0-1

[Event "48th Groningen Open A"]
[Site "Groningen NED"]
[Date "2011.12.24"]
[Round "4.22"]
[White "Van Overdam,Jan"]
[Black "Galoyan,Le"]
[Result "0-1"]
[WhiteElo "2069"]
[BlackElo "2231"]

1.e4 c5 2.Nc3 Nc6 3.Bb5 Nd4 4.Bc4 e6 5.Nge2 Nf6 6.O-O a6 7.a4 d5 8.exd5 exd5
9.Ba2 Nxe2+ 10.Qxe2+ Be7 11.d3 h6 12.Re1 Be6 13.f4 g6 14.h3 Qd6 15.Qe5 O-O-O
16.a5 Qc7 17.Qxc7+ Kxc7 18.f5 gxf5 19.Ne2 Nh5 20.d4 Bd6 21.c3 c4 22.Rf1 Nf6
23.Nf4 Ne4 24.Nh5 Rdg8 25.Bb1 Ng3 26.Nxg3 Rxg3 27.Bf4 Bxf4 28.Rxf4 Rhg8 29.Rf2 f4
30.Kf1 Rxg2 31.Rxg2 Bxh3 32.Bf5 Bxg2+ 33.Kf2 Be4 34.Bxe4 dxe4 35.Rh1 f3 36.Ke3 f5
37.d5 Rg2 38.Kd4 f2 39.Rf1 Kd6  0-1

[Event "V Stadium Casablanca Open"]
[Site "Zaragoza ESP"]
[Date "2011.12.26"]
[Round "4"]
[White "Kogan,Ar"]
[Black "Antoli Royo,J"]
[Result "1-0"]
[WhiteElo "2572"]
[BlackElo "2410"]

1.e4 c5 2.Nc3 Nc6 3.Bb5 Qc7 4.Nf3 e6 5.O-O Nge7 6.Re1 Ng6 7.d4 cxd4 8.Nxd4 Bd6
9.g3 Nxd4 10.Qxd4 O-O 11.Be3 f5 12.f4 fxe4 13.Nxe4 Be7 14.Qc3 Qb8 15.Bd4 Rf7
16.Nf2 b6 17.Rad1 Bd8 18.Ng4 Bc7 19.f5 Ne7 20.fxe6 dxe6 21.Be8 Nd5 22.Bxf7+ Kxf7
23.Qf3+  1-0

[Event "Cracovia Open A"]
[Site "Krakow POL"]
[Date "2011.12.27"]
[Round "1.37"]
[White "Gonzalez Diaz,J"]
[Black "Bednarczyk,D"]
[Result "1/2-1/2"]
[WhiteElo "2249"]
[BlackElo "1994"]

1.e4 c5 2.Nc3 Nc6 3.Nge2 Nf6 4.d4 cxd4 5.Nxd4 d6 6.Bg5 e6 7.Bb5 Bd7 8.Bxc6 bxc6
9.Qf3 Qb6 10.Nb3 Be7 11.O-O e5 12.h3 h6 13.Be3 Qc7 14.Qe2 g5 15.g4 Rb8 16.Rfd1 Be6
17.Qa6 h5 18.f3 hxg4 19.hxg4 d5 20.Qxa7 Rb7 21.Qa8+ Rb8 22.Qa7 Rb7 23.Qa8+ Rb8  1/2-1/2

[Event "Cracovia Open A"]
[Site "Krakow POL"]
[Date "2011.12.27"]
[Round "1.14"]
[White "Klepaczka,T"]
[Black "Hnydiuk,A"]
[Result "1-0"]
[WhiteElo "2166"]
[BlackElo "2431"]

1.e4 c5 2.Nc3 Nc6 3.Bb5 Nd4 4.Bc4 e6 5.Nge2 a6 6.d3 b5 7.Bb3 Nxb3 8.axb3 Bb7
9.O-O d6 10.f4 Nf6 11.f5 Be7 12.Nf4 b4 13.Nce2 e5 14.Nh3 d5 15.exd5 Qxd5
16.Rf3 Qd7 17.Rg3 Nh5 18.Re3 Qxf5 19.Nf2 Qg6 20.Ng3 Qc6 21.Qf1 Nxg3 22.Rxg3 O-O
23.Ng4 f6 24.Qf5 Bc8 25.Qh5 Bxg4 26.Qxg4 Rf7 27.Qc4 Bf8 28.Be3 f5 29.Rf1 Qd7
30.Rg5 f4 31.Bxc5 Bxc5+ 32.Qxc5 Rc8 33.Qxb4 Qa7+ 34.Kh1 f3 35.gxf3 Qe3 36.Rg2 Rxf3
37.Rxg7+ Kxg7 38.Qg4+ Kh6 39.Rxf3 Qc1+ 40.Kg2 Rxc2+ 41.Kh3 Rc6 42.Qh4+ Kg7
43.Qe7+ Kh6 44.Qf8+ Kg6 45.Rg3+ Kh5 46.Qf7+  1-0

[Event "Czech Chess Christmas 2011"]
[Site "Litomysl CZE"]
[Date "2011.12.27"]
[Round "2.2"]
[White "Kanovsky,D"]
[Black "Seidl,S"]
[Result "1/2-1/2"]
[WhiteElo "2453"]
[BlackElo "2144"]

1.e4 c5 2.Nf3 Nc6 3.Nc3 g6 4.d4 cxd4 5.Nxd4 Bg7 6.Be3 Nf6 7.Bc4 O-O 8.Bb3 d6
9.h3 Bd7 10.O-O Nxd4 11.Bxd4 Bc6 12.Qd3 Nd7 13.Bxg7 Kxg7 14.Rad1 Qb6 15.Rfe1 a5
16.a4 Qb4 17.Nd5 Bxd5 18.exd5 Ne5 19.Qd4 Qxd4 20.Rxd4 g5 21.Re3 f6 22.g3 Kf7
23.c3 Rac8 24.Bc2 h6 25.f4 Nc4 26.Re2 Rc7 27.Bf5 Nb6 28.Ree4 Nd7 29.h4 gxf4
30.gxf4 Rg8+ 31.Kf2 Nc5 32.Re3 Rg7 33.h5 Nb3 34.Rd1 Nc5 35.Bc2 Rc8 36.Kf3 Rc7
37.Ree1 f5 38.Rd4 Kf6 39.Rc4 e5 40.dxe6 Nxe6 41.Rxc7 Rxc7 42.Rd1 Rc4 43.Rxd6 Rxf4+
44.Ke3 Rh4 45.Bb3 Re4+ 46.Kd3 Ke7 47.Rxe6+ Rxe6 48.Bxe6 Kxe6 49.Kd4 Kd6 50.b3 b6
51.Ke3 Ke5 52.Kf3 f4 53.b4 Kd5 54.bxa5 bxa5 55.Kxf4 Kc4 56.Kf5 Kb3 57.Kg6 Kxa4
58.Kxh6 Kb3 59.Kg5 a4 60.h6 a3 61.h7 a2 62.h8=Q a1=Q 63.Qb8+ Kc2 64.c4 Qg1+  1/2-1/2

[Event "1st St Leon-Rot Open"]
[Site "Sankt Leon-Rot GER"]
[Date "2011.12.27"]
[Round "2"]
[White "Chernov,Va"]
[Black "Osmanovic,F"]
[Result "1-0"]
[WhiteElo "2445"]
[BlackElo "2007"]

1.e4 c5 2.Nc3 Nc6 3.Bb5 Nd4 4.Bc4 Nf6 5.Nge2 e6 6.O-O Qc7 7.d3 a6 8.Nxd4 cxd4
9.Ne2 d5 10.exd5 Bd6 11.dxe6 O-O 12.exf7+ Kh8 13.Ng3 b5 14.Bb3 Bb7 15.Bg5 Qc6
16.Qf3 Qxf3 17.gxf3 Bxf3 18.Rfe1 h6 19.Bxf6 gxf6 20.Re6 Be5 21.Re7 h5 22.Re1 h4
23.Nf5 h3 24.Be6 Kh7 25.Nh4 Bc6 26.Bxh3 Bd5 27.Bf5+ Kh6 28.Be6 Bxe6 29.Rxe6 Kg7
30.Nf3  1-0

[Event "XLI Rilton Cup 2011-12"]
[Site "Stockholm SWE"]
[Date "2011.12.27"]
[Round "1"]
[White "Solak,D"]
[Black "De Filomeno,S"]
[Result "1/2-1/2"]
[WhiteElo "2629"]
[BlackElo "2299"]

1.e4 c5 2.Nc3 Nc6 3.Bb5 g6 4.Bxc6 dxc6 5.d3 Bg7 6.Be3 b6 7.Qd2 e5 8.f4 Nf6
9.Nf3 Ng4 10.Nxe5 Nxe5 11.fxe5 Bxe5 12.Bf4 Qh4+ 13.g3 Bxf4 14.Qxf4 Qxf4 15.gxf4 Be6
16.b3 O-O-O 17.Ke2 f5 18.Ke3 fxe4 19.dxe4 a5 20.a3 Bg4 21.Rhg1 Bh5 22.e5 Rd4
23.Ne4 Rhd8 24.Nd6+ Kd7 25.Raf1 Ke7 26.Rg5 Rd1 27.Rxh5 Rxf1 28.Rxh7+ Ke6
29.Rg7 Rg1 30.h3 Rf8 31.c4 Re1+ 32.Kd2 Rg1 33.Ke3 Re1+ 34.Kd2 Rg1 35.Ke3 Re1+
36.Kd2 Rg1 37.Ke3 Re1+  1/2-1/2

[Event "XLI Rilton Cup 2011-12"]
[Site "Stockholm SWE"]
[Date "2011.12.27"]
[Round "1"]
[White "Frisk,E"]
[Black "Kwapinski,L"]
[Result "1-0"]
[WhiteElo "2184"]
[BlackElo "2051"]

1.e4 c5 2.Nc3 Nc6 3.Bb5 Nd4 4.Bc4 e6 5.Nge2 a6 6.a4 b6 7.Nxd4 cxd4 8.Ne2 Bb7
9.d3 d5 10.exd5 Bxd5 11.Bxd5 Qxd5 12.O-O Bd6 13.c4 dxc3 14.Nxc3 Qe5 15.g3 Nf6
16.Re1 Qh5 17.Qxh5 Nxh5 18.Be3 Rb8 19.d4 Kd7 20.d5 e5 21.Rec1 f5 22.Kf1 h6
23.Ke2 Nf6 24.h3 Rhc8 25.f4 e4 26.g4 g6 27.Rg1 Bb4 28.gxf5 Bxc3 29.bxc3 Nxd5
30.Rad1 Kc6 31.Rxg6+  1-0

[Event "1st St Leon-Rot Open"]
[Site "Sankt Leon-Rot GER"]
[Date "2011.12.28"]
[Round "4"]
[White "Chernov,Va"]
[Black "Martin,St"]
[Result "1-0"]
[WhiteElo "2445"]
[BlackElo "2198"]

1.e4 c5 2.Nc3 Nc6 3.Bb5 Nd4 4.Bc4 g6 5.Nf3 Bg7 6.Nxd4 cxd4 7.Qf3 Nh6 8.Ne2 O-O
9.d3 Ng4 10.Qg3 Ne5 11.Bb3 a5 12.a4 Nc6 13.h4 d5 14.Bxd5 Nb4 15.Bb3 Be6 16.O-O Bxb3
17.cxb3 Rc8 18.Bd2 Rc2 19.Bxb4 axb4 20.Nc1 Qa5 21.Rb1 Rfc8 22.Rd1 Qh5 23.Na2 Bf6
24.Qh3 Qe2 25.Rf1 e6 26.Nxb4 Rxb2 27.Nd5 Bxh4 28.Rxb2 Qxb2 29.Qxh4 exd5 30.exd5 Qxb3
31.Qxd4 Qc3 32.Qe4 Rd8 33.Rb1 Qc7 34.g3 Qd7 35.Rb5 Re8 36.Rxb7 Qc8 37.Qb4 Qc1+
38.Kg2  1-0

[Event "XXII Cajacanarias Christmas"]
[Site "Santa Cruz de Tenerife ESP"]
[Date "2011.12.28"]
[Round "8"]
[White "Cruz Veloz,M"]
[Black "Lopez Pereyra,A"]
[Result "0-1"]
[WhiteElo "1991"]
[BlackElo "2132"]

1.e4 c5 2.Nf3 Nc6 3.Nc3 d6 4.d4 cxd4 5.Nxd4 Nf6 6.Bc4 Na5 7.Bd3 g6 8.Be3 Bg7
9.f3 O-O 10.Qd2 Nc6 11.Nde2 d5 12.exd5 Nxd5 13.Nxd5 Qxd5 14.Nc3 Qa5 15.Bh6 Qe5+
16.Be2 Rd8 17.Bxg7 Kxg7 18.Qc1 Nd4 19.Kf2 Bf5 20.Bd1 Rac8 21.g4 Bxc2 22.Qe3 Qf6
23.h4 Rc6 24.Rc1 Rcd6 25.Qg5 Bxd1 26.Qxf6+ Rxf6 27.Rcxd1 Rxf3+ 28.Kg2 Rf4
29.Kg3 e5 30.Rhe1 f6 31.g5 Nf5+ 32.Kg2 Rxd1  0-1

[Event "XXII Cajacanarias Christmas"]
[Site "Santa Cruz de Tenerife ESP"]
[Date "2011.12.28"]
[Round "8"]
[White "Giraldo Orozco,William Arles"]
[Black "Rodriguez Falcon,J"]
[Result "0-1"]
[WhiteElo "1712"]
[BlackElo "1961"]

1.e4 c5 2.Nf3 Nc6 3.Nc3 Nf6 4.Bd3 d6 5.O-O Bg4 6.h3 Bh5 7.Bb5 a6 8.Be2 e6
9.b3 Be7 10.Bb2 O-O 11.Nh2 Bg6 12.Bd3 Qc7 13.Re1 b5 14.f4 c4 15.Bf1 d5 16.e5 Nd7
17.Qg4 Bxc2 18.Ne2 Nc5 19.Ng3 f5 20.exf6 Bxf6 21.Qxe6+ Nxe6  0-1

[Event "Hastings Masters 2011-12"]
[Site "Hastings ENG"]
[Date "2011.12.29"]
[Round "2.19"]
[White "Eggleston,D"]
[Black "Lakshmi,Sah"]
[Result "0-1"]
[WhiteElo "2367"]
[BlackElo "2110"]

1.e4 c5 2.Nc3 Nc6 3.Nge2 e5 4.Nd5 Nge7 5.Nec3 Nxd5 6.Nxd5 Be7 7.g3 d6 8.Bg2 h5
9.h4 Bg4 10.f3 Be6 11.d3 Nd4 12.Nxe7 Qxe7 13.c3 Nc6 14.f4 Bg4 15.Bf3 exf4
16.Bxf4 Ne5 17.Bxg4 Nxg4 18.Qa4+ Qd7 19.Qxd7+ Kxd7 20.O-O f6 21.Rad1 Rag8
22.d4 g5 23.hxg5 fxg5 24.Bc1 cxd4 25.cxd4 h4 26.Rf7+ Kc8 27.b3 hxg3 28.Kg2 Nf2
29.Re1 Rh4 30.e5 Rxd4 31.Be3 Nd3 32.Bxd4 Nxe1+ 33.Kxg3 dxe5 34.Bxe5 Re8 35.Rf5 Nd3
36.Bd4 Re2 37.a3 Ra2 38.Rf3 Nf4 39.Rc3+ Kd7 40.Kg4 Rxa3 41.Bc5 Ra5 42.b4 Ra4
43.Kxg5 Ne6+ 44.Kf5 Nxc5 45.bxc5 Kc6 46.Ke5 Rh4 47.Ra3 a6 48.Rb3 Rh5+ 49.Kd4 Rd5+
50.Kc3 Rxc5+ 51.Kd2 b5 52.Ra3 Kb6 53.Ra1 b4 54.Rb1 a5 55.Ra1 Kb5 56.Rh1 b3
57.Rh8 Ka4 58.Rh1 b2 59.Rb1 Kb3  0-1

[Event "Cracovia Open A"]
[Site "Krakow POL"]
[Date "2011.12.29"]
[Round "3.34"]
[White "Marczuk,D"]
[Black "Marie,M"]
[Result "1-0"]
[WhiteElo "1938"]
[BlackElo "2202"]

1.e4 c5 2.Nf3 Nc6 3.Nc3 Nf6 4.Bb5 Qc7 5.O-O Nd4 6.Nxd4 cxd4 7.Nd5 Nxd5 8.exd5 g6
9.d3 Bg7 10.Re1 O-O 11.Bg5 Qc5 12.Bc4 e5 13.c3 f6 14.cxd4 exd4 15.d6+ Kh8
16.Bf4 b5 17.Bb3 Bb7 18.Qg4 f5 19.Qh3 Rae8 20.Rxe8 Rxe8 21.Bf7 Re6 22.Bxe6 dxe6
23.Qh4 Bf8 24.Qf6+ Kg8 25.Qxe6+ Kg7 26.Rc1  1-0

[Event "Schachtuerken-Cup"]
[Site "Paderborn GER"]
[Date "2011.12.29"]
[Round "5.2"]
[White "Rotstein,A"]
[Black "Kaufeld,J"]
[Result "1/2-1/2"]
[WhiteElo "2502"]
[BlackElo "2263"]

1.e4 c5 2.Nc3 Nc6 3.Bb5 Nd4 4.Bc4 g6 5.Nf3 Bg7 6.Nxd4 cxd4 7.Qf3 Nh6 8.d3 Qa5
9.Bxh6 Bxh6 10.Qxf7+ Kd8 11.Qd5 Qxd5 12.Nxd5 e6 13.Nf6 Bg7 14.e5 Bxf6 15.exf6 Rf8
16.h4 Rxf6 17.h5 g5 18.h6 b6 19.Rh5 Rg6 20.c3 Bb7 21.cxd4 Bxg2 22.Ke2 g4
23.Rg1 Bf3+ 24.Ke3 Ke7 25.d5 Rf8 26.d4 Rff6 27.dxe6 dxe6 28.Bd3 Rxh6 29.Rg5 Rh3
30.Rg7+ Rf7 31.Rxf7+ Kxf7 32.Rc1 Kf6 33.Rc7 h5 34.Rxa7 Bd5+ 35.Ke2 h4 36.a4 Rh2
37.Ke3 h3 38.Rh7 Rg2 39.Bf1 Rg1 40.Be2 Kg6 41.Bd3+ Kg5 42.Rg7+ Kf6 43.Rg6+ Ke7
44.Rh6 Rh1 45.Be2 Re1 46.Kd2 Rg1 47.Ke3 Rg2 48.Bf1 Rg1 49.Be2 Rg2 50.Bf1 Rg1
51.Be2 Rg2  1/2-1/2

[Event "Hastings Masters 2011-12"]
[Site "Hastings ENG"]
[Date "2011.12.30"]
[Round "3.25"]
[White "Radovanovic,J"]
[Black "Waddington,M"]
[Result "1-0"]
[WhiteElo "2309"]
[BlackElo "2114"]

1.Nf3 c5 2.e4 Nc6 3.Nc3 a6 4.d4 cxd4 5.Nxd4 e6 6.Nxc6 bxc6 7.Bd3 d5 8.O-O Nf6
9.Qe2 Be7 10.b3 O-O 11.Bb2 a5 12.Rad1 Ra7 13.Na4 Rd7 14.e5 Ne8 15.Bd4 Rb7
16.Qe3 Nc7 17.Bb6 Bd7 18.Bxa5 Qa8 19.Bb6 Na6 20.Nc5 Nxc5 21.Bxc5 Bxc5 22.Qxc5 Qxa2
23.Bxh7+ Kxh7 24.Qxf8 Qxc2 25.Qxf7 Qg6 26.Qe7 Be8  1-0